KOHA-Header-6

Modern Woreless Communications (Record no. 11328)

000 -LEADER
fixed length control field 00267nam a2200109Ia 4500
100 ## - MAIN ENTRY--AUTHOR NAME
Personal name Haykin , Moher
245 #0 - TITLE STATEMENT
Title Modern Woreless Communications
260 ## - PUBLICATION, DISTRIBUTION, ETC. (IMPRINT)
Place of publication New Jersey
Name of publisher Willey
Year of publication 1995
300 ## - PHYSICAL DESCRIPTION
Number of Pages 654
942 ## - ADDED ENTRY ELEMENTS (KOHA)
Koha item type Books

No items available.

Powered by Koha